Top 10 Città più popolose Provincia di Vercelli - Statistics

Statistiche generali
  • Questo quiz è stato fatto 25 volte
  • Il punteggio medio è 6 su 10
Statistiche sulle risposte
Popolazione (ab.) Città % Corretto
46 308 Vercelli
100%
13 031 Borgosesia
80%
8 825 Santhià
80%
7 437 Trino
60%
7 542 Varallo
60%
8 272 Gattinara
55%
7 984 Crescentino
45%
4 450 Livorno Ferraris
35%
4 547 Cigliano
25%
5 141 Serravalle Sesia
20%
Nessun quiz corrispondente trovato
Distribuzione punteggi
Percentuale di utenti per punteggio
Percentile per numero di risposta
I tuoi punteggi nel tempo
Non hai fatto questo quiz